Thiết kế chế tạo máy cán thép và các thiết bị trong nhà máy cán thép

Nội dung tài liệu trình bày khái niệm, lịch sử phát triển và triển vọng máy cán. Phân loại máy cán thép và thiết bị cán. Tính toán nghiệm bền và thiết kế chế tạo máy cán. Tính toán và nghiệm bền các thiết bị phụ trong xưởng cán...

Cur síos iomlán

Đã lưu trong:
Sonraí Bibleagrafaíochta
Príomhúdar: Đỗ Hữu Nhơn
Formáid: Leabhar
Teanga:Vietnamese
Foilsithe: H. Khoa học và Kỹ thuật 2006
Eagrán:In lần thứ 3, có sửa chữa
Ábhair:
Clibeanna: Cuir Clib Leis
Gan Chlibeanna, Bí ar an gcéad duine leis an taifead seo a chlibeáil!
Thư viện lưu trữ: Thư viện Trường Đại học Nam Cần Thơ
LEADER 01594aam a22002418a 4500
001 NCT_6221
008 060908s2006 ||||||viesd
999 |c 316  |d 316 
020 |c 34000 
082 0 4 |2 23rd ed.  |a 621.8  |b Nh464 
100 1 |a Đỗ Hữu Nhơn 
245 1 0 |a Thiết kế chế tạo máy cán thép và các thiết bị trong nhà máy cán thép  |c Đỗ Hữu Nhơn 
250 |a In lần thứ 3, có sửa chữa 
260 |a H.  |b Khoa học và Kỹ thuật  |c 2006 
300 |a 207tr.  |b hình vẽ, bảng  |c 24cm 
520 3 |a Nội dung tài liệu trình bày khái niệm, lịch sử phát triển và triển vọng máy cán. Phân loại máy cán thép và thiết bị cán. Tính toán nghiệm bền và thiết kế chế tạo máy cán. Tính toán và nghiệm bền các thiết bị phụ trong xưởng cán 
653 |a Thiết kế chế tạo máy cán thép 
655 7 |a Công nghệ Kỹ thuật ô tô 
942 |2 ddc  |c BK 
952 |0 0  |1 0  |2 ddc  |4 0  |6 621_800000000000000_NH464  |7 0  |9 2295  |a 000001  |b 000001  |d 2017-10-26  |o 621.8 Nh464  |p MD.08984  |r 2017-10-26  |v 34000.00  |w 2017-10-26  |y BK 
952 |0 0  |1 0  |2 ddc  |4 0  |6 621_800000000000000_NH464  |7 0  |9 2299  |a 000001  |b 000001  |d 2017-10-26  |o 621.8 Nh464  |p MD.08983  |r 2017-10-26  |v 34000.00  |w 2017-10-26  |y BK 
952 |0 0  |1 0  |2 ddc  |4 0  |6 621_800000000000000_NH464  |7 0  |9 2300  |a 000001  |b 000001  |d 2017-10-26  |o 621.8 Nh464  |p MD.08985  |r 2017-10-26  |v 34000.00  |w 2017-10-26  |y BK 
980 |a Thư viện Trường Đại học Nam Cần Thơ